000
00302nam a2200121Ia 4500
008
190216s9999||||xx |||||||||||||| ||und||
100
_a
Bhabani Bhattacharya
245
0
_a
Steel Hawk And Other Stories
260
_b
Orient Paper Back
_c
1968
300
_a
132p
650
_a
English Stories
942
_c
BK
999
_c
12165
_d
12165